[Event "SR 3. liga A2 2012/2013"]
[Site "?"]
[Date "2013.01.27"]
[Round "7.1"]
[White "Jurik, Michal"]
[Black "Diviak, Rastislav"]
[Result "1/2-1/2"]
[WhiteElo "1945"]
[BlackElo "2017"]
[PlyCount "40"]
[EventDate "2012.??.??"]

1. Nf3 Nf6 2. c4 e6 3. d4 d5 4. Nc3 c6 5. Bg5 Nbd7 6. e3 Qa5 7. Nd2 dxc4 8.
Bxf6 Nxf6 9. Nxc4 Qc7 10. Bd3 Be7 11. O-O O-O 12. Rc1 Bd7 13. Ne5 Rac8 14. a3
c5 15. Nxd7 Qxd7 16. dxc5 Rfd8 17. Be2 Qxd1 18. Rfxd1 Rxc5 19. Rxd8+ Bxd8 20.
Rd1 Be7 1/2-1/2

[Event "SR 3. liga A2 2012/2013"]
[Site "?"]
[Date "2013.01.27"]
[Round "7.1"]
[White "Pericka, Tomas"]
[Black "Kolenak, Matus"]
[Result "1-0"]
[WhiteElo "2029"]
[BlackElo "1916"]
[PlyCount "85"]
[EventDate "2012.??.??"]

1. e4 c5 2. Nf3 e6 3. d4 cxd4 4. Nxd4 a6 5. Bd3 Nc6 6. c3 Nf6 7. O-O Be7 8. Kh1
d5 9. Nxc6 bxc6 10. e5 Nd7 11. Qg4 Nxe5 12. Qxg7 Bf6 13. Qg3 Nxd3 14. Qxd3 Qd6
15. f4 Bb7 16. Nd2 O-O-O 17. Nf3 c5 18. Be3 h6 19. Rab1 Rdg8 20. b4 c4 21. Qd2
Rg4 22. Ne5 Bxe5 23. fxe5 Qd7 24. Bd4 Rhg8 25. Rb2 h5 26. Qh6 h4 27. Qf6 R8g7
28. h3 R4g5 29. Qh6 Qe8 30. Qxh4 Qg8 31. Rff2 Rh7 32. Qf4 Bc6 33. b5 Bxb5 34.
a4 Bxa4 35. Ba7 Bb5 36. Qe3 Qd8 37. Bb6 Qe7 38. Rxb5 axb5 39. Ra2 Kb8 40. Bc5
d4 41. Qxd4 Qb7 42. Qd8+ Qc8 43. Ra8+ 1-0

[Event "SR 3. liga A2 2012/2013"]
[Site "?"]
[Date "2013.01.27"]
[Round "7.1"]
[White "Hagara, Vladimir"]
[Black "Nemeckay, Rastislav"]
[Result "1/2-1/2"]
[WhiteElo "1909"]
[BlackElo "1980"]
[PlyCount "40"]
[EventDate "2012.??.??"]

1. d4 d5 2. c4 c6 3. Nf3 Nf6 4. Nc3 e6 5. Bg5 Nbd7 6. e3 Qa5 7. Nd2 dxc4 8.
Bxf6 Nxf6 9. Nxc4 Qd8 10. Bd3 c5 11. dxc5 Bxc5 12. O-O O-O 13. Qe2 Qe7 14. Ne4
Nxe4 15. Bxe4 Rb8 16. Rfd1 e5 17. a3 a6 18. b4 Ba7 19. Nd6 b5 20. Nxc8 Rbxc8
1/2-1/2

[Event "SR 3. liga A2 2012/2013"]
[Site "?"]
[Date "2013.01.27"]
[Round "7.1"]
[White "Hanzluvka, Peter"]
[Black "Babirat, Michal"]
[Result "0-1"]
[WhiteElo "2032"]
[BlackElo "1760"]
[PlyCount "100"]
[EventDate "2012.??.??"]

1. e4 c5 2. Nf3 d6 3. d4 cxd4 4. Nxd4 Nf6 5. Nc3 g6 6. Bc4 Bg7 7. Be3 Nc6 8. f3
O-O 9. Qd2 Na5 10. Be2 Bd7 11. g4 Rc8 12. h4 Nc4 13. Bxc4 Rxc4 14. h5 Qc7 15.
hxg6 fxg6 16. O-O-O Rc8 17. Nde2 b5 18. Kb1 b4 19. Nd5 Nxd5 20. Qxd5+ e6 21.
Qd3 Rxc2 22. Nd4 Rc4 23. Ne2 Rc2 24. Nd4 Rc4 25. Nb3 Rc2 26. Bd4 Bxd4 27. Qxd4
Rc6 28. Qe3 Rb6 29. Nd4 e5 30. Qb3+ Qc4 31. Ne2 Qxb3 32. axb3 Bb5 33. Rd2 Rc7
34. Rhd1 Rcc6 35. Nc1 Kg7 36. Nd3 Ba6 37. Ne1 Kf6 38. Nc2 Ke6 39. Ne3 Rb8 40.
Rh1 Rc7 41. Rdh2 Rbb7 42. Rd2 Rd7 43. g5 Rf7 44. Rh3 Rbd7 45. Kc1 Bb7 46. Ng4
d5 47. Nf6 Rc7+ 48. Kd1 dxe4 49. fxe4 h5 50. Rhd3 Rc6 0-1

[Event "SR 3. liga A2 2012/2013"]
[Site "?"]
[Date "2013.01.27"]
[Round "7.1"]
[White "Puskar, David"]
[Black "Pericka, Pavol"]
[Result "0-1"]
[WhiteElo "1699"]
[BlackElo "1821"]
[PlyCount "92"]
[EventDate "2012.??.??"]

1. c4 e5 2. Nc3 Nf6 3. g3 Bc5 4. Bg2 c6 5. e3 d6 6. d4 exd4 7. exd4 Bb6 8. Nge2
O-O 9. O-O Bg4 10. Bg5 Nbd7 11. Qd2 Ba5 12. a3 h6 13. Bf4 Bc7 14. Rfe1 Re8 15.
d5 c5 16. Nb5 Ne5 17. Bxe5 Rxe5 18. Nf4 Nd7 19. Nd3 Rxe1+ 20. Rxe1 Nf6 21. b4
Bb6 22. Qf4 cxb4 23. axb4 a5 24. bxa5 Bxa5 25. Rb1 Ra6 26. Nd4 Qc7 27. Qc1 Qe7
28. h3 Bc8 29. Nc2 Qe2 30. Ncb4 Rb6 31. Nf4 Qe8 32. Nbd3 Ne4 33. Rxb6 Bxb6 34.
Qe1 Nf6 35. Qxe8+ Nxe8 36. Nb2 Bd4 37. Nd1 Bf5 38. Ne2 Bc5 39. Nec3 Bc2 40. Ne3
Bb3 41. Bf1 Nf6 42. Kg2 Nd7 43. Nb1 Bb4 44. Kf3 Ne5+ 45. Kf4 g5+ 46. Kf5 Ba2
0-1

[Event "SR 3. liga A2 2012/2013"]
[Site "?"]
[Date "2013.01.27"]
[Round "7.1"]
[White "Ocko, Martin"]
[Black "Drahos, Miroslav"]
[Result "1-0"]
[WhiteElo "1661"]
[BlackElo "1652"]
[PlyCount "81"]
[EventDate "2012.??.??"]

1. d4 Nf6 2. c4 g6 3. Nc3 d5 4. cxd5 Nxd5 5. e4 Nxc3 6. bxc3 Bg7 7. Nf3 c5 8.
Bb5+ Bd7 9. Bxd7+ Qxd7 10. O-O Nc6 11. Be3 O-O 12. d5 Ne5 13. Bxc5 Nxf3+ 14.
Qxf3 Rac8 15. Bd4 Bxd4 16. cxd4 Rc2 17. Qb3 Rfc8 18. Rab1 b6 19. Rb2 R8c3 20.
Qxc2 Rxc2 21. Rxc2 Qa4 22. Rd2 Qb4 23. Rfd1 a5 24. Rd3 Qc4 25. R3d2 b5 26. Rb2
b4 27. g3 Qc3 28. Rdd2 Qf3 29. Re2 Qd3 30. Rbd2 Qc3 31. e5 Qc4 32. d6 exd6 33.
d5 dxe5 34. d6 Qc1+ 35. Kg2 Qc6+ 36. f3 Qd7 37. Rxe5 Kf8 38. Rc5 Ke8 39. Rc7
Qd8 40. d7+ Ke7 41. Rc8 1-0

[Event "SR 3. liga A2 2012/2013"]
[Site "?"]
[Date "2013.01.27"]
[Round "7.2"]
[White "Veselsky, Jozef"]
[Black "Jablonicky, Frantisek"]
[Result "1-0"]
[WhiteElo "2158"]
[BlackElo "2173"]
[PlyCount "125"]
[EventDate "2012.??.??"]

1. d4 f5 2. g3 Nf6 3. Bg2 g6 4. Nf3 Bg7 5. O-O O-O 6. c4 d6 7. Nc3 Qe8 8. Ng5
h6 9. Nh3 e5 10. dxe5 dxe5 11. Nd5 Na6 12. Bd2 g5 13. f3 Be6 14. e4 fxe4 15.
fxe4 Nxe4 16. Bxe4 Bxh3 17. Rxf8+ Qxf8 18. Qh5 Nc5 19. Bb4 c6 20. Qxh3 cxd5 21.
cxd5 Qc8 22. Bf5 Qc7 23. Rc1 b6 24. Qg4 e4 25. Bxc5 bxc5 26. Qxe4 Qe5 27. Qxe5
Bxe5 28. Kg2 Bd4 29. d6 Rd8 30. d7 Kf7 31. Rc4 Kf6 32. g4 Ke5 33. b3 a5 34. Kf3
Kd5 35. Ra4 Bc3 36. Re4 Be5 37. h3 Rb8 38. Ke3 Rd8 39. Kd3 Rb8 40. Re2 Rd8 41.
Rc2 Rb8 42. Rc4 Bc7 43. Re4 Be5 44. Bg6 Rd8 45. Be8 Rb8 46. Bf7+ Kd6 47. Bc4
Rd8 48. Bb5 Kd5 49. Re2 Rf8 50. Re3 Rd8 51. Rf3 Rb8 52. Rf7 Bc7 53. a4 Bd6 54.
Rf6 Bf8 55. Ke3 Bd6 56. Rxh6 Rd8 57. Rg6 Rh8 58. Rxg5+ Ke6 59. Rh5 Rxh5 60.
d8=Q Rxh3+ 61. Ke4 Be7 62. Bc4+ Kf6 63. g5+ 1-0

[Event "SR 3. liga A2 2012/2013"]
[Site "?"]
[Date "2013.01.27"]
[Round "7.2"]
[White "Sekera, Branislav"]
[Black "Darazs, Zoltan"]
[Result "1-0"]
[WhiteElo "2153"]
[BlackElo "2124"]
[PlyCount "111"]
[EventDate "2012.??.??"]

1. Nf3 Nf6 2. e3 g6 3. b3 Bg7 4. Bb2 O-O 5. Be2 d6 6. O-O e5 7. d3 Nc6 8. Nbd2
h6 9. Ne1 Re8 10. a3 a5 11. Kh1 Be6 12. Rb1 d5 13. Nef3 Nd7 14. e4 d4 15. Bc1
f5 16. exf5 gxf5 17. Ng1 Nf6 18. Ra1 Nd5 19. Bb2 Nf4 20. Bf3 Kh7 21. g3 Ng6 22.
Bg2 Bd5 23. Qh5 Bxg2+ 24. Kxg2 Qd5+ 25. f3 Qf7 26. Nh3 Kg8 27. Kg1 Nce7 28. g4
Nf4 29. Nxf4 exf4 30. Qxf7+ Kxf7 31. a4 Nd5 32. gxf5 Ne3 33. Rf2 Nxc2 34. Rc1
Re1+ 35. Rf1 Rxf1+ 36. Nxf1 Nb4 37. Rxc7+ Kg8 38. Nd2 Nxd3 39. Ba3 Ne5 40. Kf2
Bf6 41. Bd6 Bh4+ 42. Kg2 Re8 43. Ne4 Bg5 44. f6 Nf7 45. Be7 Rb8 46. Kh3 b5 47.
Kg4 bxa4 48. bxa4 Rb1 49. Kf5 d3 50. Rc8+ Kh7 51. Rf8 Nh8 52. Rd8 Ra1 53. Rxd3
Rxa4 54. Rd7 Kg8 55. Rd8+ Kh7 56. Rxh8+ 1-0

[Event "SR 3. liga A2 2012/2013"]
[Site "?"]
[Date "2013.01.27"]
[Round "7.2"]
[White "Marosi, Csaba"]
[Black "Kozinka, Roman"]
[Result "1-0"]
[WhiteElo "1949"]
[BlackElo "2036"]
[PlyCount "65"]
[EventDate "2012.??.??"]

1. e4 c5 2. Nf3 d6 3. d4 cxd4 4. Qxd4 Nc6 5. Bb5 Bd7 6. Bxc6 Bxc6 7. Nc3 h6 8.
Be3 Nf6 9. O-O-O e5 10. Qd3 Ng4 11. h3 Nxe3 12. Qxe3 Qa5 13. Kb1 O-O-O 14. Nd5
f5 15. c4 fxe4 16. Qxe4 Qc5 17. Qe2 a5 18. Nh4 g5 19. Nf5 h5 20. b3 Rd7 21. Ng3
Qa3 22. Nb6+ Kc7 23. Nxd7 Bxd7 24. c5 Bg7 25. cxd6+ Kb8 26. Ne4 a4 27. Qb2 Qb4
28. f3 Rc8 29. Rc1 Rc6 30. Rxc6 Bxc6 31. Rd1 a3 32. Qc2 Kc8 33. Qc4 1-0

[Event "SR 3. liga A2 2012/2013"]
[Site "?"]
[Date "2013.01.27"]
[Round "7.2"]
[White "Kavon, Rastislav"]
[Black "Meszaros, Lorant"]
[Result "1-0"]
[WhiteElo "1943"]
[BlackElo "2048"]
[PlyCount "101"]
[EventDate "2012.??.??"]

1. e4 e5 2. Nf3 Nc6 3. Bc4 Bc5 4. Nc3 Nf6 5. O-O d6 6. h3 O-O 7. Re1 a6 8. d3
h6 9. Ne2 Na5 10. Ng3 Nxc4 11. dxc4 Be6 12. Qd3 Qd7 13. Nh4 Kh7 14. b3 g6 15.
Be3 b6 16. Kh2 Qe7 17. Nf3 Ng8 18. Rad1 f5 19. exf5 gxf5 20. Bxc5 bxc5 21. Qe2
Bd7 22. Nd2 Qh4 23. Nf3 Qe7 24. Nd2 Bc6 25. f4 e4 26. Qf2 Qg7 27. Ndf1 Ne7 28.
Ne3 Qg6 29. Qd2 Rg8 30. Ne2 h5 31. g3 Qh6 32. Rf1 Rg7 33. a4 Bd7 34. Qa5 h4 35.
g4 fxg4 36. hxg4 Bxg4 37. Nxg4 Rxg4 38. Qxc7 Rg7 39. Qb7 Rag8 40. Qxe4+ Kh8 41.
Rg1 Qf6 42. Rxg7 Rxg7 43. Rg1 Ng6 44. Rg5 Kh7 45. Qg2 Kh6 46. Qg4 Kh7 47. Kh1
Re7 48. Qh5+ Kg7 49. f5 Qa1+ 50. Kg2 Rxe2+ 51. Qxe2 1-0

[Event "SR 3. liga A2 2012/2013"]
[Site "?"]
[Date "2013.01.27"]
[Round "7.2"]
[White "Kalmar, Tamas"]
[Black "Jablonicky, Martin"]
[Result "0-1"]
[WhiteElo "1920"]
[BlackElo "1827"]
[PlyCount "80"]
[EventDate "2012.??.??"]

1. d4 Nf6 2. c4 e6 3. Nc3 Bb4 4. Bd2 c5 5. Nf3 Nc6 6. e3 cxd4 7. exd4 d5 8. a3
Bxc3 9. bxc3 O-O 10. Bd3 Re8 11. O-O e5 12. cxd5 Qxd5 13. c4 Qd8 14. d5 e4 15.
Bxe4 Nxe4 16. dxc6 bxc6 17. Be3 Qc7 18. Ng5 Ba6 19. Qa4 Qc8 20. Rfd1 h6 21.
Nxe4 Rxe4 22. Rac1 Bb5 23. Qb3 Qe6 24. Rd4 Rxd4 25. Bxd4 Re8 26. Qe3 Qd7 27.
Qc3 Re4 28. cxb5 Rxd4 29. h3 cxb5 30. Qc8+ Qxc8 31. Rxc8+ Kh7 32. Rc7 Ra4 33.
Rc3 Kg6 34. Kf1 a6 35. Ke2 Kf6 36. Kd2 Ke6 37. Kc2 Rc4 38. Kb3 Rxc3+ 39. Kxc3
a5 40. Kd4 Kd6 0-1

[Event "SR 3. liga A2 2012/2013"]
[Site "?"]
[Date "2013.01.27"]
[Round "7.2"]
[White "Lopatievov, Alexander"]
[Black "Szitasi, Janos"]
[Result "0-1"]
[WhiteElo "1937"]
[BlackElo "1963"]
[PlyCount "130"]
[EventDate "2012.??.??"]

1. c4 c5 2. Nc3 Nc6 3. g3 g6 4. Bg2 Bg7 5. e3 d6 6. Nge2 Nf6 7. O-O O-O 8. d4
cxd4 9. exd4 Bf5 10. Be3 Qd7 11. Qd2 Bh3 12. Bh6 Bxg2 13. Kxg2 Qf5 14. Bxg7
Kxg7 15. f3 h5 16. h4 Rac8 17. b3 Qa5 18. Rfd1 Rfd8 19. Ne4 Qxd2 20. Rxd2 d5
21. Nxf6 Kxf6 22. Rad1 dxc4 23. d5 Ne5 24. Nc3 cxb3 25. Ne4+ Kg7 26. axb3 Nd7
27. Ra1 a6 28. Ra4 Nf6 29. Rad4 Nxe4 30. fxe4 Rc3 31. R4d3 Rxd3 32. Rxd3 f6 33.
Rc3 Rd7 34. Kf3 Kf7 35. Kf4 e6 36. Rd3 exd5 37. exd5 Rd6 38. Ke4 Ke7 39. Kd4
Kd7 40. b4 Kc7 41. Re3 Kd7 42. Re2 Rb6 43. Kc5 Rb5+ 44. Kc4 Rb6 45. Kc5 Rd6 46.
Re3 f5 47. Kd4 Rb6 48. Kc5 Rf6 49. Rf3 Kc7 50. Rf2 b6+ 51. Kd4 Kd6 52. Rc2 f4
53. Rc6+ Ke7 54. Rxf6 Kxf6 55. gxf4 Ke7 56. Ke5 Kd7 57. Kf6 a5 58. Kxg6 axb4
59. f5 b3 60. f6 b2 61. f7 b1=Q+ 62. Kg7 Qg1+ 63. Kf6 Qf2+ 64. Kg7 Qg3+ 65. Kf6
Qxh4+ 0-1

[Event "SR 3. liga A2 2012/2013"]
[Site "?"]
[Date "2013.01.27"]
[Round "7.2"]
[White "Vegh, Vince"]
[Black "Mackovic, Miroslav"]
[Result "1-0"]
[WhiteElo "1932"]
[BlackElo "1919"]
[PlyCount "111"]
[EventDate "2012.??.??"]

1. e4 c5 2. Nf3 d6 3. d4 cxd4 4. Nxd4 Nf6 5. Nc3 a6 6. Bd3 Nbd7 7. a4 Nc5 8.
O-O Nxd3 9. Qxd3 b6 10. Bg5 e6 11. Rad1 Bb7 12. f4 Be7 13. Kh1 Qc7 14. Rde1
O-O-O 15. f5 e5 16. Nf3 h6 17. Bxf6 Bxf6 18. Nd5 Bxd5 19. Qxd5 Qb7 20. Qc4+ Kb8
21. Rd1 Rd7 22. Rd5 Rc8 23. Qb3 Rc5 24. Rfd1 Rxd5 25. Rxd5 Ka7 26. Qd3 Qc7 27.
h3 Rd8 28. b3 Be7 29. Nd2 f6 30. c4 Qb7 31. Nf1 Rc8 32. Qf3 Qd7 33. Ne3 Qc6 34.
Rd1 Bf8 35. Nd5 Qe8 36. a5 bxa5 37. Qf2+ Rc5 38. Nc7 Qc8 39. Ne6 Kb6 40. Rd5
Kc6 41. Nxc5 dxc5 42. Qd2 Qc7 43. Rd8 Qe7 44. Qxa5 Kb7 45. Qd2 Kc7 46. Ra8 Kb6
47. Qd5 Qd6 48. Qf7 Be7 49. Qe8 Qc7 50. Rc8 Qd6 51. Rb8+ Ka7 52. Ra8+ Kb6 53.
Qc8 Ka5 54. Rb8 g6 55. Qe8 gxf5 56. Qa4# 1-0

[Event "SR 3. liga A2 2012/2013"]
[Site "?"]
[Date "2013.01.27"]
[Round "7.2"]
[White "Zarecky, Eduard"]
[Black "Both, Lajos"]
[Result "1/2-1/2"]
[WhiteElo "1933"]
[BlackElo "1820"]
[PlyCount "38"]
[EventDate "2012.??.??"]

1. d4 d5 2. c4 c6 3. e3 Nf6 4. Nc3 e6 5. Nf3 Nbd7 6. Bd2 Bd6 7. c5 Bc7 8. b4
O-O 9. Bd3 e5 10. dxe5 Nxe5 11. Nxe5 Bxe5 12. Rc1 Re8 13. Ne2 a5 14. b5 cxb5
15. Bxb5 Bd7 16. c6 bxc6 17. Bxc6 Bxc6 18. Rxc6 d4 19. Qc1 dxe3 1/2-1/2

[Event "SR 3. liga A2 2012/2013"]
[Site "?"]
[Date "2013.01.27"]
[Round "7.3"]
[White "Mihalik, Anton"]
[Black "Gasa, Andrej"]
[Result "0-1"]
[WhiteElo "1953"]
[BlackElo "2282"]
[PlyCount "60"]
[EventDate "2012.??.??"]

1. c4 e5 2. Nc3 Nf6 3. Nf3 Nc6 4. g3 d5 5. cxd5 Nxd5 6. e4 Ndb4 7. a3 Nd3+ 8.
Bxd3 Qxd3 9. Qe2 Qxe2+ 10. Nxe2 Bg4 11. Nfg1 a5 12. f3 Be6 13. f4 f6 14. Nf3
Bc5 15. d3 Bg4 16. Nfg1 O-O-O 17. Kd2 f5 18. Kc3 fxe4 19. dxe4 Bxg1 20. Nxg1
Rd1 21. b4 Bf3 22. Nxf3 Rxh1 23. b5 Nd4 24. Nxd4 exd4+ 25. Kxd4 Rd8+ 26. Kc3
Rdd1 27. Kc2 Rde1 28. Kd2 g6 29. e5 Kd7 30. a4 Ke6 0-1

[Event "SR 3. liga A2 2012/2013"]
[Site "?"]
[Date "2013.01.27"]
[Round "7.3"]
[White "Sebesta, Radovan"]
[Black "Nemsak, Denis"]
[Result "1-0"]
[WhiteElo "2061"]
[BlackElo "1873"]
[PlyCount "113"]
[EventDate "2012.??.??"]

1. d4 f5 2. c4 g6 3. Nf3 Nf6 4. g3 Bg7 5. Bg2 O-O 6. O-O d6 7. Nc3 Qe8 8. Qc2
Na6 9. a3 c5 10. d5 Bd7 11. Bd2 Nc7 12. a4 h6 13. h4 Qf7 14. Nb5 Nce8 15. Bc3
Ng4 16. Bxg7 Qxg7 17. e3 a6 18. Nc3 Ne5 19. Ne2 Rb8 20. Nxe5 Qxe5 21. Qc3 b5
22. Qxe5 dxe5 23. cxb5 axb5 24. a5 Nd6 25. Rfc1 Rfc8 26. Nc3 Ra8 27. b3 Ra7 28.
Ra2 Kf7 29. Bf1 Rca8 30. Rca1 b4 31. Nd1 Nb5 32. a6 Na3 33. Rc1 Rc8 34. Nb2 Kf6
35. Nd3 Rac7 36. Nb2 Ra7 37. e4 f4 38. Nc4 Rxa6 39. Nxe5 Ra7 40. Nxd7+ Rxd7 41.
Bh3 Rdc7 42. Bxc8 Rxc8 43. gxf4 g5 44. hxg5+ hxg5 45. fxg5+ Kxg5 46. Kg2 Kf4
47. Re2 Nb5 48. Rh1 Nd4 49. Re3 c4 50. bxc4 Rxc4 51. Rh4+ Ke5 52. f4+ Kd6 53.
Rh6+ Kd7 54. Rb6 b3 55. Kg3 Rc2 56. Rbxb3 Nxb3 57. Rxb3 1-0

[Event "SR 3. liga A2 2012/2013"]
[Site "?"]
[Date "2013.01.27"]
[Round "7.3"]
[White "Slaby, Jozef"]
[Black "Gasa, Patrik"]
[Result "0-1"]
[WhiteElo "1890"]
[BlackElo "1906"]
[PlyCount "86"]
[EventDate "2012.??.??"]

1. d4 Nf6 2. c4 e6 3. Nf3 c5 4. d5 exd5 5. cxd5 d6 6. Nc3 Be7 7. e4 O-O 8. Bd3
Bg4 9. Qc2 Nbd7 10. Bf4 Nh5 11. Bg3 Nxg3 12. hxg3 g6 13. Nh2 Ne5 14. Nxg4 Nxg4
15. O-O-O a6 16. Qe2 Ne5 17. Bc2 b5 18. f4 Nc4 19. Bd3 Nb6 20. Rh2 b4 21. Nb1
c4 22. Bc2 Qc7 23. Kd2 Bf6 24. Ke1 Bxb2 25. g4 Qc5 26. Kf1 Rfe8 27. g3 Bg7 28.
Qf3 c3 29. g5 Nc4 30. Re1 Bd4 31. Kg2 a5 32. g4 Ne3+ 33. Rxe3 Bxe3 34. Qh3 Qd4
35. Qxh7+ Kf8 36. f5 Qg7 37. Qh4 gxf5 38. gxf5 Qxg5+ 39. Qxg5 Bxg5 40. Kf3 a4
41. Bd3 Bf6 42. Bb5 Reb8 43. Bc4 b3 0-1

[Event "SR 3. liga A2 2012/2013"]
[Site "?"]
[Date "2013.01.27"]
[Round "7.3"]
[White "Lanik, Miroslav"]
[Black "Strapko, Tomas"]
[Result "1/2-1/2"]
[WhiteElo "1945"]
[BlackElo "1880"]
[PlyCount "45"]
[EventDate "2012.??.??"]

1. e4 c5 2. Nf3 Nc6 3. d4 cxd4 4. Nxd4 Nf6 5. Nc3 e5 6. Ndb5 d6 7. Nd5 Nxd5 8.
exd5 Ne7 9. c4 Ng6 10. Be3 a6 11. Nc3 Bd7 12. Bd3 f5 13. f3 Be7 14. O-O O-O 15.
Qe2 Bg5 16. Qd2 Bxe3+ 17. Qxe3 Nf4 18. Ne2 Nxd3 19. Qxd3 Qb6+ 20. Kh1 Rac8 21.
b3 Qc5 22. a4 a5 23. Nc3 1/2-1/2

[Event "SR 3. liga A2 2012/2013"]
[Site "?"]
[Date "2013.01.27"]
[Round "7.3"]
[White "Curidlo, Jan"]
[Black "Palka, Martin"]
[Result "0-1"]
[WhiteElo "1880"]
[BlackElo "1884"]
[PlyCount "80"]
[EventDate "2012.??.??"]

1. e4 c5 2. Nf3 d6 3. d4 cxd4 4. Nxd4 Nf6 5. Nc3 a6 6. Be2 e6 7. Be3 Be7 8. O-O
O-O 9. f4 Qc7 10. Qd2 Nc6 11. a3 Bd7 12. Bf3 Na5 13. Qf2 Nc4 14. Bc1 e5 15.
Nde2 Bc6 16. b3 Nb6 17. fxe5 dxe5 18. Be3 Nbd7 19. b4 b5 20. Rfd1 a5 21. Rab1
axb4 22. axb4 Qb7 23. Ng3 g6 24. Nd5 Bxd5 25. exd5 Bd6 26. h4 Rfc8 27. h5 Rc4
28. hxg6 hxg6 29. Bd2 Rxc2 30. Ne4 Nxe4 31. Bxe4 Rc4 32. Bd3 Rd4 33. Bc3 Rf4
34. Qe2 Qb6+ 35. Kh2 e4 36. Kh3 exd3 37. Rxd3 Rf5 38. g3 Qf2 39. Qg4 Ne5 40.
Qh4 Ra2 0-1

[Event "SR 3. liga A2 2012/2013"]
[Site "?"]
[Date "2013.01.27"]
[Round "7.3"]
[White "Palka, Miroslav"]
[Black "Orvisky, Vladimir"]
[Result "1-0"]
[WhiteElo "1924"]
[BlackElo "1838"]
[PlyCount "77"]
[EventDate "2012.??.??"]

1. c4 e5 2. Nc3 Nf6 3. g3 g6 4. Bg2 Bg7 5. d4 exd4 6. Qxd4 O-O 7. e4 Re8 8.
Nge2 Nxe4 9. Qd3 Nxc3 10. bxc3 d6 11. O-O Bf5 12. Qd2 c6 13. Nd4 Bd7 14. Ba3
Qc7 15. Nb3 c5 16. Rad1 Bf8 17. Rfe1 Rxe1+ 18. Rxe1 Bc6 19. Bd5 Nd7 20. Qf4 Nb6
21. Bxc5 Nxd5 22. cxd5 Bxd5 23. Bd4 Bg7 24. Bxg7 Kxg7 25. Qd4+ Kg8 26. Qxd5 Rc8
27. Re3 b6 28. Nd4 Qd7 29. Nf3 Rc5 30. Qd4 Qc6 31. Ne1 h5 32. Qf6 Rf5 33. Qd8+
Kg7 34. Qe8 Qc4 35. Qe4 Qxa2 36. Qd4+ Kh6 37. Qh8+ Kg5 38. Nf3+ Kg4 39. Qd4+
1-0

[Event "SR 3. liga A2 2012/2013"]
[Site "?"]
[Date "2013.01.27"]
[Round "7.3"]
[White "Bardik, Jozef"]
[Black "Havlicek, Peter"]
[Result "1-0"]
[WhiteElo "1864"]
[BlackElo "1843"]
[PlyCount "79"]
[EventDate "2012.??.??"]

1. d4 d5 2. c4 e6 3. Nc3 c6 4. e3 Nf6 5. Bd2 Bd6 6. c5 Bc7 7. f4 O-O 8. Nf3 h6
9. Bd3 Bd7 10. Qe2 b6 11. b4 b5 12. O-O Be8 13. a4 a6 14. axb5 cxb5 15. Nxb5
Bxb5 16. Bxb5 Ne4 17. Bd3 Nc6 18. Rxa6 Rxa6 19. Bxa6 Qb8 20. b5 Ne7 21. Ne5 Rd8
22. b6 Bxb6 23. cxb6 Qxb6 24. Bd3 Nf6 25. Rb1 Qc7 26. Rc1 Qb7 27. Qe1 Ra8 28.
Bb4 Nc8 29. Bc5 g6 30. Rb1 Qc7 31. g4 Kg7 32. f5 exf5 33. gxf5 g5 34. Qg3 Nh7
35. Ng4 Qd7 36. Qe5+ f6 37. Qe6 Qxe6 38. fxe6 f5 39. Bxf5 Nf6 40. Rb7+ 1-0

[Event "SR 3. liga A2 2012/2013"]
[Site "?"]
[Date "2013.01.27"]
[Round "7.4"]
[White "Kovacocy, Pavel"]
[Black "Stanec, Stanislav"]
[Result "1/2-1/2"]
[WhiteElo "2221"]
[BlackElo "2192"]
[PlyCount "139"]
[EventDate "2012.??.??"]

1. e4 d5 2. exd5 Qxd5 3. Nf3 Bg4 4. Be2 Nf6 5. d4 c6 6. O-O e6 7. c4 Qd8 8. h3
Bh5 9. Nc3 Be7 10. Be3 O-O 11. Qb3 Qc8 12. Rac1 Re8 13. g4 Bg6 14. Ne5 Nfd7 15.
Nxg6 hxg6 16. Ne4 Na6 17. Qc2 Nf6 18. Ng3 Qc7 19. a3 Rad8 20. b4 Nb8 21. Rfe1
Nbd7 22. Bf3 a5 23. Qb2 axb4 24. axb4 Ra8 25. d5 Bd6 26. Ne2 Ne5 27. Bg2 Nd3
28. Qc3 Nxc1 29. Rxc1 cxd5 30. cxd5 Qxc3 31. Nxc3 Nxd5 32. Nxd5 exd5 33. Bxd5
Bxb4 34. Rb1 Bd6 35. Rxb7 Ra1+ 36. Kg2 Re7 37. Rb6 Bc7 38. Rxg6 Rd1 39. Bc4 Rd6
40. Rg5 Bb6 41. Bxb6 Rxb6 42. Rd5 g6 43. Rd2 Kg7 44. Kg3 Rc7 45. Bf1 Rc3+ 46.
f3 Rbb3 47. Be2 Ra3 48. Rb2 Ra1 49. Rd2 Ra7 50. Kg2 Rac7 51. Bd1 Kf6 52. Kg3
Re3 53. Be2 Ke5 54. Ra2 Rec3 55. Ra5+ R7c5 56. Ra7 f5 57. gxf5 gxf5 58. Re7+
Kf6 59. Re8 Re5 60. Rxe5 Kxe5 61. Ba6 f4+ 62. Kg4 Rc1 63. Bb7 Rg1+ 64. Kh5 Kf6
65. h4 Rg8 66. Be4 Rg7 67. Bd3 Rg1 68. Be4 Rg3 69. Bc6 Rg8 70. Be4 1/2-1/2

[Event "SR 3. liga A2 2012/2013"]
[Site "?"]
[Date "2013.01.27"]
[Round "7.4"]
[White "Strakac, Petr"]
[Black "Cechovic, Stefan"]
[Result "1/2-1/2"]
[WhiteElo "2066"]
[BlackElo "2169"]
[PlyCount "86"]
[EventDate "2012.??.??"]

1. e4 e5 2. Nf3 Nf6 3. Nxe5 d6 4. Nf3 Nxe4 5. Nc3 Nxc3 6. dxc3 Be7 7. Bd3 Nc6
8. Bf4 Be6 9. Qd2 Qd7 10. O-O-O a6 11. Bg5 O-O-O 12. Bxe7 Qxe7 13. Rhe1 h6 14.
Qf4 Qd7 15. Re3 Kb8 16. Rde1 Rde8 17. b3 Bd5 18. Be4 Bxe4 19. Rxe4 Rxe4 20.
Qxe4 f6 21. Nh4 Ne5 22. f4 Nc6 23. Qg6 Nd8 24. Nf5 Ne6 25. g3 Rd8 26. Nd4 Nxd4
27. cxd4 Rf8 28. Re3 Qf7 29. Qe4 Kc8 30. f5 Rd8 31. d5 Qd7 32. Qe6 Qxe6 33.
fxe6 Rg8 34. Rf3 Kd8 35. c4 Ke7 36. Kd2 Rc8 37. h4 g6 38. b4 c6 39. Rc3 cxd5
40. cxd5 Rxc3 41. Kxc3 f5 42. Kd3 g5 43. Ke3 b5 1/2-1/2

[Event "SR 3. liga A2 2012/2013"]
[Site "?"]
[Date "2013.01.27"]
[Round "7.4"]
[White "Liptak, Tomas"]
[Black "Berger, Patrik"]
[Result "1/2-1/2"]
[WhiteElo "2082"]
[BlackElo "1930"]
[PlyCount "142"]
[EventDate "2012.??.??"]

1. e4 c5 2. Nf3 d6 3. d4 cxd4 4. Nxd4 Nf6 5. Nc3 a6 6. Bg5 Nbd7 7. f4 Qc7 8.
Qf3 h6 9. Bh4 g5 10. Bg3 gxf4 11. Bxf4 e5 12. Be3 exd4 13. Bxd4 Bg7 14. Nd5 Qd8
15. Qg3 O-O 16. O-O-O Re8 17. Qxd6 Nxd5 18. Bxg7 Qg5+ 19. Kb1 N5f6 20. Bxf6
Nxf6 21. Bc4 Be6 22. Bd3 Rad8 23. Qb6 Rd7 24. Rdf1 Kh8 25. g3 Rc8 26. Rf4 Ng4
27. Qb4 Qc5 28. Qd2 Qe3 29. Qxe3 Nxe3 30. b3 Ng4 31. Be2 Ne5 32. Rd1 Rxd1+ 33.
Bxd1 Rc3 34. Kc1 Nd3+ 35. Kd2 Nxf4 36. Kxc3 Ng6 37. Kd4 Kg7 38. e5 Kf8 39. Bf3
Bc8 40. a4 a5 41. c3 Ke7 42. b4 b6 43. h4 Bd7 44. Bd1 Kd8 45. b5 Be6 46. c4 Kc7
47. h5 Nf8 48. c5 bxc5+ 49. Kxc5 Nd7+ 50. Kd4 Kb6 51. g4 Nc5 52. g5 hxg5 53.
Bc2 Nd7 54. h6 Nf8 55. h7 Nxh7 56. Bxh7 Bb3 57. Bg8 g4 58. Ke3 Bxa4 59. Bxf7
Bxb5 60. Kf4 Be2 61. Ba2 Kc5 62. Ke3 Bf3 63. e6 Kd6 64. Kf4 a4 65. Bc4 a3 66.
Bb3 Bb7 67. Kxg4 Ke5 68. Kg5 Bd5 69. e7 Bc6 70. Kg6 Kd6 71. Kf7 Bd7 1/2-1/2

[Event "SR 3. liga A2 2012/2013"]
[Site "?"]
[Date "2013.01.27"]
[Round "7.4"]
[White "Hudacek, Josef"]
[Black "Liptak, Dusan"]
[Result "0-1"]
[WhiteElo "2067"]
[BlackElo "2060"]
[PlyCount "170"]
[EventDate "2012.??.??"]

1. e4 d6 2. d4 Nf6 3. Nc3 Nbd7 4. Nf3 e5 5. dxe5 dxe5 6. Bb5 c6 7. Ba4 Be7 8.
O-O Qc7 9. Re1 O-O 10. a3 Nc5 11. h3 a5 12. Bg5 Be6 13. Nd2 Rfd8 14. Bxf6 Bxf6
15. Qe2 Bg5 16. Nf3 Bh6 17. b4 b5 18. Bxb5 cxb5 19. Nxb5 Qb6 20. bxc5 Qxc5 21.
Nxe5 Qxe5 22. Rad1 g6 23. a4 Qc5 24. Rxd8+ Rxd8 25. Rd1 Re8 26. c3 Bb3 27. Rd7
Bxa4 28. Qf3 Rf8 29. Rd5 Qe7 30. Nd4 Rb8 31. Qg3 Rb1+ 32. Kh2 Qxe4 33. Nf5 Bf8
34. Rxa5 Bd7 35. Ne3 Bh6 36. Nd5 Kg7 37. f3 Qf5 38. Qd6 Qe6 39. Qc5 Rb8 40.
Qd4+ f6 41. Nxf6 Qxf6 42. Qxd7+ Kg8 43. Ra1 Qf4+ 44. Kg1 Bg7 45. Qg4 Qxg4 46.
hxg4 Bxc3 47. Rc1 Bd4+ 48. Kh2 Be5+ 49. Kh3 Kg7 50. Re1 Bf6 51. f4 Rb3+ 52. g3
Kf7 53. Rc1 Re3 54. Rb1 Re2 55. Rb7+ Be7 56. g5 Ke6 57. Kg4 Rd2 58. Rb6+ Rd6
59. Rb7 Rd7 60. Rb6+ Bd6 61. Rb3 Bc5 62. Rc3 Kd5 63. Rd3+ Bd4 64. Ra3 Ke4 65.
Ra6 Re7 66. Ra3 Rc7 67. Ra6 Ke3 68. Re6+ Kf2 69. Rd6 Be3 70. Rd3 Rc1 71. Rd7
Rg1 72. Rxh7 Rxg3+ 73. Kh4 Bxf4 74. Rf7 Rf3 75. Kg4 Kg2 76. Rf6 Rf2 77. Rxf4
Rxf4+ 78. Kxf4 Kh3 79. Ke5 Kg4 80. Ke4 Kxg5 81. Kf3 Kh4 82. Kg2 Kg4 83. Kg1 Kg3
84. Kh1 g5 85. Kg1 g4 0-1